书目信息 |
| 题名: |
河北省惠民政策解读
|
|
| 作者: | 孟庆云 主编 ;中共河北省委 编 | |
| 分册: | ||
| 出版信息: | 石家庄 花山文艺出版社 2012 |
|
| 页数: | 11, 306页 | |
| 开本: | 25cm | |
| 丛书名: | ||
| 单 册: | ||
| 中图分类: | D672.2 | |
| 科图分类: | ||
| 主题词: | 方针政策--河北 | |
| 电子资源: | ||
| ISBN: | 978-7-5511-0574-3 | |
| 000 | 00844nam0 2200253 450 | |
| 001 | 339981 | |
| 005 | 20150605085907.48 | |
| 010 | @a978-7-5511-0574-3@dCNY48.00 | |
| 100 | @a20140714d2012 em y0chiy50 ea | |
| 101 | 0 | @achi |
| 102 | @aCN@b130000 | |
| 105 | @ay z 000yy | |
| 106 | @ar | |
| 200 | 1 | @a河北省惠民政策解读@Ahe bei sheng hui min zheng ce jie du@f中共河北省委宣传部编 |
| 210 | @a石家庄@c花山文艺出版社@d2012 | |
| 215 | @a11, 306页@d25cm | |
| 314 | @a主编:孟庆云 | |
| 330 | @a本书共分六部分, 内容包括: “三农”政策篇、教育政策篇、医疗卫生政策篇、社会保障政策篇、住房建设政策篇、食品安全政策篇。 | |
| 606 | 0 | @a方针政策@y河北 |
| 690 | @aD672.2@v5 | |
| 701 | 0 | @a孟庆云@Ameng qing yun@4主编 |
| 712 | 02 | @a中共河北省委@Azhong gong he bei sheng wei@b宣传部@4编 |
| 801 | 0 | @aCN@b卓展宏图@c20150525 |
| 905 | @dD672.2@e61@f5 | |
| 河北省惠民政策解读/中共河北省委宣传部编.-石家庄:花山文艺出版社,2012 |
| 11, 306页;25cm |
| ISBN 978-7-5511-0574-3:CNY48.00 |
| 本书共分六部分, 内容包括: “三农”政策篇、教育政策篇、医疗卫生政策篇、社会保障政策篇、住房建设政策篇、食品安全政策篇。 |
| ● |
| 相关链接 |
|
|
|
|
正题名:河北省惠民政策解读
索取号:D672.2/61
 
预约/预借
| 序号 | 登录号 | 条形码 | 馆藏地/架位号 | 状态 | 备注 |
| 1 | 855211 | 208552118 | 第一样本阅览室/ [索取号:D672.2/61] | 在馆 | |
| 2 | 855212 | 208552127 | 第一借阅区/ [索取号:D672.2/61] | 在馆 | |
| 3 | 855213 | 208552136 | 第一借阅区/ [索取号:D672.2/61] | 在馆 | |
| 4 | 855214 | 208552145 | 第一借阅区/ [索取号:D672.2/61] | 在馆 | |
| 5 | 855215 | 208552154 | 第一借阅区/ [索取号:D672.2/61] | 在馆 |